[Event "COL-chT (Women)"]
[Site "Risaralda"]
[Date "2023.11.21"]
[Round "5.4"]
[White "Lozano Madrid, Ana Camila"]
[Black "Moreno Gonzalez, Maria Camila"]
[Result "0-1"]
[WhiteElo "1441"]
[BlackElo "1793"]
[PlyCount "46"]
[EventDate "2023.11.19"]
[EventType "team-swiss"]
[EventRounds "7"]
[EventCountry "COL"]
[SourceTitle "CB49_2023"]
[SourceDate "2023.12.06"]
[SourceVersion "1"]
[SourceVersionDate "2023.12.06"]
[SourceQuality "1"]
[WhiteTeam "Cordoba (W)"]
[BlackTeam "Bogota (W)"]
[WhiteTeamCountry "COL"]
[BlackTeamCountry "COL"]

1. e4 c5 2. Nf3 e6 3. Nc3 a6 4. a4 Nc6 5. Bc4 Qc7 6. g3 Nf6 7. d3 Be7 8. Bf4 d6 9. 0-0 0-0 10. Re1 e5 11. Be3 Bg4 12. Ra2 Rac8 13. h3 Bxh3 14. Ra1 Bg4 15. Qe2 Nd4 16. Bxd4 cxd4 17. Nd5 Nxd5 18. exd5 Qd7 19. Qe4 f5 20. Qe2 Kh8 21. c3 dxc3 22. bxc3 f4 23. gxf4 Rxf4 0-1

[Event "Bucaramanga op"]
[Site "Bucaramanga"]
[Date "2023.09.09"]
[Round "7"]
[White "Rivera, Alberto"]
[Black "Moreno Gonzalez, Maria Camila"]
[Result "1-0"]
[WhiteElo "2297"]
[BlackElo "1821"]
[PlyCount "65"]
[EventDate "2023.09.06"]
[EventType "swiss"]
[EventRounds "9"]
[EventCountry "COL"]
[SourceTitle "EXT 2024"]
[Source "ChessBase"]
[SourceDate "2023.10.10"]
[SourceVersion "1"]
[SourceVersionDate "2023.10.10"]
[SourceQuality "1"]

1. d4 d5 2. Nf3 e6 3. c4 c6 4. Qa4 Nf6 5. Nc3 Bd6 6. Bg5 dxc4 7. Qxc4 b5 8. Qb3 Nbd7 9. e3 Bb7 10. Be2 Rc8 11. 0-0 0-0 12. a4 b4 13. Ne4 Be7 14. Bxf6 Nxf6 15. Nxf6+ gxf6 16. Rfd1 a5 17. Nd2 Kh8 18. Bf3 Rg8 19. Rac1 Qf8 20. Qd3 Bd6 21. Nb3 Bc7 22. g3 f5 23. Qf1 f4 24. exf4 Bxf4 25. Rc5 Ra8 26. Rxa5 Rxa5 27. Nxa5 Qa8 28. Nxb7 Qxb7 29. Qc4 Qe7 30. Qxc6 Bg5 31. a5 Rb8 32. a6 Qa7 33. Qc5 1-0

[Event "Medellin Flores op 30th"]
[Site "Medellin"]
[Date "2023.08.03"]
[Round "1"]
[White "Hernandez Polanco, Alberto"]
[Black "Moreno Gonzalez, Maria Camila"]
[Result "0-1"]
[WhiteElo "1605"]
[BlackElo "1587"]
[PlyCount "77"]
[EventDate "2023.08.03"]
[EventType "swiss"]
[EventRounds "9"]
[EventCountry "COL"]
[SourceTitle "EXT 2024"]
[Source "ChessBase"]
[SourceDate "2023.10.10"]
[SourceVersion "1"]
[SourceVersionDate "2023.10.10"]
[SourceQuality "1"]

1. Nf3 d5 2. d4 Nf6 3. Bg5 c6 4. c3 a5 5. h3 Bf5 6. Nh4 Bd7 7. Nd2 h6 8. Bxf6 exf6 9. Nhf3 b5 10. e4 Be7 11. exd5 cxd5 12. Bd3 0-0 13. Qc2 Re8 14. 0-0 Na6 15. Bf5 Nc7 16. Bxd7 Qxd7 17. Rfe1 Rac8 18. Qd3 Ne6 19. g3 Bd6 20. Kg2 g6 21. Re2 Kg7 22. Rae1 h5 23. h4 Rh8 24. Rh1 Rce8 25. Nf1 Bc7 26. Ne3 Re7 27. Kf1 Rhe8 28. Qd2 Nd8 29. Kg2 f5 30. Rhe1 f6 31. Nc2 Ne6 32. Kg1 f4 33. Kg2 Qd6 34. Na3 Rb8 35. Qd3 fxg3 36. Rxe6 Rxe6 37. Nxb5 Rxb5 38. Rxe6 Qxe6 39. Qxb5 0-1

[Event "Rivera Hernandez Memorial"]
[Site "Rivera Huila"]
[Date "2023.07.23"]
[Round "9"]
[White "Moreno Gonzalez, Maria Camila"]
[Black "Mateus, Martha"]
[Result "1-0"]
[WhiteElo "1515"]
[BlackElo "2036"]
[PlyCount "95"]
[EventDate "2023.07.19"]
[EventType "swiss"]
[EventRounds "10"]
[EventCountry "COL"]
[SourceTitle "CBM 215 Extra"]
[Source "ChessBase"]
[SourceDate "2023.09.30"]
[SourceVersion "1"]
[SourceVersionDate "2023.09.30"]
[SourceQuality "1"]

1. d4 Nf6 2. c4 c5 3. dxc5 e6 4. Be3 Na6 5. a3 Ng4 6. Bd4 e5 7. Bc3 Bxc5 8. e3 d6 9. b4 Bb6 10. Be2 Nf6 11. Nd2 0-0 12. Ngf3 Qe7 13. 0-0 Bf5 14. Qb3 Bc7 15. Rfd1 Rac8 16. Rac1 Bb8 17. a4 Rfd8 18. Bb2 h6 19. Qa3 Nc7 20. a5 Ne6 21. Bf1 Bg4 22. Re1 Nd7 23. g3 f5 24. Bg2 e4 25. Nd4 Nxd4 26. Bxd4 Ne5 27. Rc3 Nc6 28. Nb3 d5 29. Bc5 Qf6 30. Nd4 dxc4 31. Nxc6 Rxc6 32. Rxc4 Qe6 33. Rd4 Rxd4 34. Bxd4 Qc4 35. Bf1 Qf7 36. b5 Rc8 37. Rc1 Rxc1 38. Qxc1 Kh7 39. h3 Bf3 40. Qc8 Bxg3 41. fxg3 Qg6 42. Be5 h5 43. Kh2 h4 44. Bc4 hxg3+ 45. Bxg3 Qf6 46. Qg8+ Kg6 47. Qe8+ Kh7 48. Be5 1-0

[Event "Rivera Hernandez Memorial"]
[Site "Rivera Huila"]
[Date "2023.07.21"]
[Round "6"]
[White "Moreno Gonzalez, Maria Camila"]
[Black "Gonzalez, Guillermo"]
[Result "1-0"]
[WhiteElo "1515"]
[BlackElo "1787"]
[PlyCount "83"]
[EventDate "2023.07.19"]
[EventType "swiss"]
[EventRounds "10"]
[EventCountry "COL"]
[SourceTitle "CBM 215 Extra"]
[Source "ChessBase"]
[SourceDate "2023.09.30"]
[SourceVersion "1"]
[SourceVersionDate "2023.09.30"]
[SourceQuality "1"]

1. d4 Nf6 2. c4 g6 3. Nc3 Bg7 4. e4 d6 5. Nf3 0-0 6. Bg5 e5 7. dxe5 dxe5 8. Qxd8 Rxd8 9. Bxf6 Bxf6 10. Nd5 Bg7 11. Nxc7 Na6 12. Nxa8 Be6 13. Ng5 Rxa8 14. Nxe6 fxe6 15. 0-0-0 Nc5 16. f3 Kf7 17. b4 Na4 18. Rd7+ Kf6 19. Rxb7 Rd8 20. Kc2 Bh6 21. Bd3 Be3 22. c5 a5 23. Ra7 Nxc5 24. bxc5 Bxc5 25. Rxa5 Rc8 26. Ra4 Bd4+ 27. Rc4 Ra8 28. a4 h5 29. Rb1 Kg5 30. Rb5 Kf4 31. Kd2 Bg1 32. a5 Bxh2 33. Rc6 Kg3 34. Rxe6 Kxg2 35. Ke2 g5 36. a6 Bg1 37. Rbxe5 g4 38. fxg4 hxg4 39. Rg5 g3 40. e5 Rb8 41. Be4+ Kh3 42. Rh6# 1-0

[Event "Bogota El Tablazo op-B"]
[Site "Bogota"]
[Date "2022.06.27"]
[Round "6.25"]
[White "Moreno Gonzalez, Maria Camila"]
[Black "Bareno Martinez, Raul Antonio"]
[Result "1/2-1/2"]
[WhiteElo "1444"]
[BlackElo "1603"]
[PlyCount "105"]
[EventDate "2022.06.24"]
[EventType "swiss"]
[EventRounds "7"]
[EventCountry "COL"]
[SourceTitle "EXT 2024"]
[Source "ChessBase"]
[SourceDate "2023.10.10"]
[SourceVersion "1"]
[SourceVersionDate "2023.10.10"]
[SourceQuality "1"]

1. e4 d5 2. exd5 Nf6 3. d4 Bg4 4. Nf3 Nxd5 5. Be2 Nc6 6. c4 Nf6 7. Be3 e6 8. Nc3 Bb4 9. Rc1 0-0 10. 0-0 Ne7 11. h3 Bh5 12. Qb3 Bxc3 13. Rxc3 Ne4 14. Rd3 Rb8 15. Re1 Bg6 16. Rdd1 Nf5 17. Bc1 f6 18. Bd3 Ng5 19. Bxg5 fxg5 20. Rxe6 c6 21. Rde1 Nxd4 22. Nxd4 Qxd4 23. Bxg6 Qxf2+ 24. Kh1 hxg6 25. c5 Kh7 26. Qd3 Rf6 27. Qe3 Qxb2 28. Qxg5 Qf2 29. R1e2 Qf4 30. Qxf4 Rxf4 31. Rb2 Rc4 32. Rxc6 bxc6 33. Rxb8 Rxc5 34. Rc8 a5 35. a4 Rc4 36. Kh2 g5 37. Kg3 Kg6 38. Rc7 Kf6 39. Kf3 g6 40. g4 Ke5 41. Rg7 Rc3+ 42. Ke2 Kf4 43. Rxg6 c5 44. Rf6+ Kg3 45. Rf5 Kh4 46. Kd2 Rc4 47. Kd3 Rxa4 48. Rxc5 Ra3+ 49. Kc4 Kxh3 50. Rxg5 Kg3 51. Kd4 a4 52. Kc4 Rf3 53. Rf5 1/2-1/2